Early Christian Heresies - Statistics

General Stats
  • This quiz has been taken 317 times
  • The average score is 3 of 8
Answer Stats
Hint Answer % Correct
Jesus = not "consubstantial with the Father" Arianism
82%
Body/material world = evil, Soul = good Gnosticism
69%
Icons and idols should be destroyed Iconoclasm
55%
Jesus born as mere man and adopted as Son of God Adoptionism
30%
Hebrew God separate from New Testament God Marcionism
26%
Jesus' physical body = illusion Docetism
20%
Christians freed from any moral law Antinomianism
14%
Jesus' divinity overwhelms his humanity Monophysitism
10%
No matching quizzes found
Score Distribution
Percent of People with Each Score
Percentile by Number Answered
Your Score History
You have not taken this quiz